000 01675nam a2200385 c 4500
999 _c162513
_d162513
003 BLK
005 20221217120851.0
008 180410b bul|||||r ||||||| ||bul||
010 _aKNG00169891000
020 _a978-954-92934-6-3
040 _aBLK
041 _aBUL
_cBUL
072 7 _2bullib
_aН62
_xПриложни науки. Техника Н
080 _aЕврейска литература на иврит. Вж и 830-088
_b821.411.16
_x-31
_z821.411.16-31
080 _aМетоди на управление. Мениджмънт. Анализи, планиране, ръководство, сътрудничество, контрол, коопериране и др.
_b005.5
_x(0:82-31)
_z005.5(0:82-31)
100 1 _aГолдрат, Елиаху Моше
_eпърви автор
_954666
139 _aГолдрат, Елиаху М.
_bГ 63
245 1 0 _aНе е въпрос на късмет
_bБизнес роман
_cЕлиаху Моше Голдрат.
257 _aJUD
260 _bRexintegra
_c2014
_fСофия : Инвестпрес
300 _a298 с.
_bсъс сх.
_c21 см
380 _a0
500 _aОриг. загл. It's Not Luck / Eliyahu M. Goldratt.
650 7 _aБизнес мениджмънт
_9161874
653 _aмениджмънт
653 _aпазари
653 _aуправление на фирми
653 _aбизнес романи
659 _aН
852 _aЦб 274690
856 4 _qpdf
_i0.00
_ldisable
856 4 _qpdf
_i0.00
_ldisable
942 _cKNG
_n0
_03
_s1
944 _aCR
_c16.06.2015
_lф /
_kВиолета_Тройчева
944 _aED
_c08.02.2016
_lф /
_kЛюдмила_Стоянова
999 _d162513
999 _d162513